Visual Basic / (Record no. 25193)

MARC details
000 -LEADER
fixed length control field 00744nam a22002057a 4500
008 - FIXED-LENGTH DATA ELEMENTS--GENERAL INFORMATION
fixed length control field 090313t xxu||||| |||| 00| 0 eng d
010 ## - LCCN (DPL NO)
LC control number ENG-93210
020 ## - INTERNATIONAL STANDARD BOOK NUMBER
International Standard Book Number 9788190720311
Terms of availability 85.00
035 ## - SYSTEM CONTROL NUMBER
System control number EN-76743
037 ## - SOURCE OF ACQUISITION
Source of stock number/acquisition DBAD / PUB
040 ## - CATALOGING SOURCE
Original cataloging agency dpl
Language of cataloging English
082 ## - DEWEY DECIMAL CLASSIFICATION NUMBER
Classification number 005.2768
100 ## - MAIN ENTRY--PERSONAL NAME
Personal name Ananda Prakash, T.
245 ## - TITLE STATEMENT
Title Visual Basic /
Statement of responsibility, etc by T. Ananda Prakash
260 ## - PUBLICATION, DISTRIBUTION, ETC. (IMPRINT)
Place of publication, distribution, etc Chennai
Name of publisher, distributor, etc Bala Books
Date of publication, distribution, etc 2007
270 ## - ADDRESS
Address 15, Ko.su. mani Street, Choolaimedu
City Chennai
300 ## - PHYSICAL DESCRIPTION
Extent 138p.
Dimensions 21cm (pbk)
942 ## - ADDED ENTRY ELEMENTS (KOHA)
Source of classification or shelving scheme Dewey Decimal Classification
Item type English Books
Call number suffix ANA
Classification part 005.2768
Holdings
Withdrawn status Lost status Source of classification or shelving scheme Damaged status Not for loan Collection code Home library Current library Date acquired Source of acquisition Cost, normal purchase price Total Checkouts Full call number Barcode Date last seen Copy number Cost, replacement price Koha item type
    Dewey Decimal Classification   Not For Loan Non-fiction D.B.Act.Division D.B.Act.Division 13/03/2009 DBAD / PUB 85.00   005.2768 ANA EN-76743 13/03/2009 1 85.00 English Books

© Delhi Public Library
Hit Counter
free hit counter